000 007540000a22001810004500
041 0 _aSPA
082 0 4 _aG 302 F932m
100 1 _aFromm, Erich (1900-1980)
245 1 0 _aEl miedo a la libertad / Erich Fromm ; Gino Germani, Traductor
260 _aBuenos aires : Paidós
300 _a345 Pág.
520 _aLa libertad como problema psicológico -- La emergencia del individuo y la ambigüedad de la libertad -- Los dos aspectos de la libertad para el hombre moderno -- Mecanismos de evasión -- La psicología del Nazismo -- Libertad y democracia -- Apéndice: El carácter y el proceso social
001 14378
942 _cBK
999 _c43249
_d43249
336 _atexto
_btxt
_2rdacontent
337 _2rdamedia
_asin mediación
_bn
338 _2rdacarrier
_avolumen
_bnc